| 000 | 02081cam a22005054i 4500 | ||
|---|---|---|---|
| 003 | PE-LiUPU | ||
| 005 | 20250731172835.0 | ||
| 008 | 150827s2014 miua rb 001 0 eng d | ||
| 020 |
_a9780802871015 _q(pbk. : alk. paper) |
||
| 035 | _a(Sirsi) i9780802871015 | ||
| 040 |
_aDLC _bspa _cDLC _dPE-LiUPU _erda |
||
| 049 | _aPRUA | ||
| 050 | 0 | 0 |
_aBS2555.52 _b.B875 2014 |
| 082 | 0 | 4 |
_a226.06 _bB94 _223 |
| 100 | 1 |
_aBurridge, Richard A., _d1955- , _eautor. |
|
| 245 | 1 | 0 |
_aFour gospels, one Jesus : _ba symbolic reading / _cRichard A. Burridge. |
| 250 | _aThird edition. | ||
| 264 | 1 |
_aGrand Rapids, Michigan : _bWilliam B. Eerdmans Publishing Company, _c2014. |
|
| 300 |
_axvii, 217 páginas : _bilustraciones ; _c23 centímetros |
||
| 336 |
_atext _2rdacontent |
||
| 337 |
_aunmediated _2rdamedia |
||
| 338 |
_avolume _2rdacarrier |
||
| 504 | _aIncluye referencias bibliográficas e índice. | ||
| 505 | 0 | _aFour gospels -- The roar of the lion : Mark's Jesus -- The teacher of Israel : Matthew's Jesus -- The bearer of burdens : Luke's Jesus -- The high-flying eagle : John's Jesus -- One Jesus? | |
| 526 | _aSEG42 | ||
| 526 | _aSEG41 | ||
| 526 | _aSEG40 | ||
| 526 | _aSEG39 | ||
| 526 | _aP94 | ||
| 526 | _aP87 | ||
| 526 | _aP86 | ||
| 526 | _aP85 | ||
| 526 | _aP77 | ||
| 526 | _aP76 | ||
| 526 | _aP35 | ||
| 600 | 0 | 0 |
_aJesucristo _xBiografía _xHistoria y crítica. |
| 630 | 0 | 0 |
_aBiblia. _pN.T. _pEvangelios _xCrítica, interpretación, etc. |
| 910 |
_ardg _bjck _crdg _d20150827 |
||
| 942 |
_2ddc _cBOOK |
||
| 949 |
_aPGT 226.06 B94 _wDEWEY _c1 _i71958 _lCCODEBUL1 _mBUL _p23.00 _r0 _sY _tBOOK _u2015-8-26 _xTEOLOGIA _PP85 _0COMPRA _o.CIRCNOTE. No olvidar cambiar la fecha de devolución!!!!!!! _o.STAFF. Posgrado |
||
| 994 |
_aC0 _bPEPRU |
||
| 596 | _a1 | ||
| 999 |
_aPGT 226.06 B94 _wDEWEY _c6939 _i71958 _d6939 _f2021-11-9 _g5 _lCCODEBUL1 _mBUL _p23.00 _q1 _r0 _sY _tBOOK _u2015-8-26 _xTEOLOGIA _PP85 _0COMPRA _o.CIRCNOTE. No olvidar cambiar la fecha de devolución!!!!!!! _o.STAFF. Posgrado |
||
| 980 |
_81 _gALBERTO SANCHEZ Responsable de Automatización |
||